000 02059nam0a2200385 4500
001 RU\NLR\bibl\1474592
005 20250616003357.0
010 _a978-5-8154-0172-3
_9350
021 _aRU
_b2009-104197
_96634
035 _a(nilc)EL/0000307414
035 _aRSL-KNO-004501522
035 _a(NLR Aleph) 001466265
090 _a1614964
_c1614964
100 _a20091204d2009 |||y0rusy50 ca
101 0 _arus
102 _aRU
105 _aa z |||||
200 1 _aШахтеры и "начальство" о рабочем движении Кузбасса в 1989-90-е гг.
_eк 20-летию забастовки
_e(историография. Анализ. Мнения)
_fЛопатин Л.Н.
_gГОУ ВПО Кемер. гос. мед. акад., Кафедра истории и психологии
210 _aКемерово
_cИзд-во Кемеровского государственного университета культуры и исскуств
_d2009
215 _a224 с.
_d21
320 _aИмен. указ. лидеров рабочего движения Кузбасса, чьи высказывания цитируются в кн.: с. 219-220
320 _aИмен. указ. цитируемых в книге лиц, не входивших в структуры рабочего движения Кузбасса: с. 221-222
320 _aБиблиогр. в подстроч. примеч.
606 0 _aШахтерское движение
_yКузбасс
_z1989 - 1991
_92270468
_3RU\NLR\auth\661360866
686 _a63.3(2Р-4Кем)
_vLBC/RL
_2rubbk
686 _aТ3(2)74-429Кузбасс,013.1
_2rubbk
686 _aТ3(2Р)64-429Кузбасс,013.1
_2rubbk
686 _aТ3(2)74-4
700 1 _aЛопатин
_bЛ. Н.
_gЛеонид Николаевич
_4070
801 0 _aRU
_bКемеровская ОНБ
_c20091204
_grcr
801 1 _aRU
_bКемеровская ОНБ
_c20091204
_2rusmarc
801 2 _aRU
_bRuMoRGB
_c20091221
801 2 _aRU
_bNLR
_c20100217
_grcr
942 _cBOOK
980 _aNB